Prevencia odchodu zákazníkov prostredníctvom eCRM
Možnosti nadväzovania vzťahov so zákazníkmi iným spôsobom ako je osobný kontakt alebo telefón - systémom CRM. Zavádzanie eCRM ( elektronický CRM systém) v telekomunikačnom odvetví. Vplyv eCRM na vysokú úroveň odchodu zákazníkov v telekomunikačnom sektore.
Gespeichert in:
| Format: | Buchkapitel |
|---|---|
| Sprache: | Slowakisch |
| Schlagworte: | |
| Tags: |
Keine Tags, Fügen Sie das erste Tag hinzu!
|
MARC
| LEADER | 00000naa a2200000 4500 | ||
|---|---|---|---|
| 001 | r045398 | ||
| 005 | 20231002114509.7 | ||
| 041 | 0 | |a slo | |
| 044 | |a SK | ||
| 245 | 1 | 0 | |a Prevencia odchodu zákazníkov prostredníctvom eCRM |
| 520 | |a Možnosti nadväzovania vzťahov so zákazníkmi iným spôsobom ako je osobný kontakt alebo telefón - systémom CRM. Zavádzanie eCRM ( elektronický CRM systém) v telekomunikačnom odvetví. Vplyv eCRM na vysokú úroveň odchodu zákazníkov v telekomunikačnom sektore. | ||
| 610 | 2 | 0 | |a riadenie |
| 610 | 2 | 0 | |a telekomunikácie |
| 610 | 2 | 0 | |a zákazníci |
| 610 | 2 | 0 | |a telefón |
| 610 | 2 | 0 | |a internet |
| 610 | 2 | 0 | |a systém CRM |